| 000 | 00918nam a22002895a 4500 | ||
|---|---|---|---|
| 001 | 014524459 | ||
| 003 | OSt | ||
| 005 | 20160330111222.0 | ||
| 008 | 080212t2013 njua frb 001 0 eng d | ||
| 020 | _a9781118322574 | ||
| 040 |
_aEG-ScBUE _beng _cEG-ScBUE _dEG-ScBUE |
||
| 082 | 0 | 4 |
_a658.562015195 _bMON _222 |
| 100 | 1 |
_aMontgomery, Douglas C. _920592 |
|
| 245 | 1 | 0 |
_aStatistical Quality Control : _ba Modern Introduction / _cDouglas C. Montgomery. |
| 250 | _a7th ed., International student version. | ||
| 260 |
_aHoboken : _bJohn Wiley & Sons, _cc.2013. |
||
| 300 |
_axiv, 752 p. : _bill. ; _c26 cm. |
||
| 500 | _aIndex : p. 747-752. | ||
| 500 | _aIncludes appendix. | ||
| 504 | _aBibliography : p. 723-737. | ||
| 650 | 0 |
_aQuality control _xStatistical methods. _2BUEsh _910054 |
|
| 651 | _2BUEsh | ||
| 653 | _cMarch2013 | ||
| 653 |
_bENGMEC _cMarch2016 |
||
| 655 |
_vReading book _934232 |
||
| 942 |
_2ddc _cBB |
||
| 999 |
_c17368 _d17340 |
||